[Event "IBCA Wch blind 10th"]
[Site "Istanbul"]
[Date "2002.11.22"]
[Round "3"]
[White "Oduncu, Yasar Bulent"]
[Black "Dimitris, Hellas"]
[Result "0-1"]
[WhiteElo "1800"]
[BlackElo "1800"]
[PlyCount "42"]
[EventDate "2002.11.20"]
[EventType "swiss"]
[EventRounds "9"]
[EventCountry "TUR"]
[SourceTitle "EXT 2004"]
[Source "ChessBase"]
[SourceDate "2003.11.25"]
[SourceVersion "1"]
[SourceVersionDate "2003.11.25"]
[SourceQuality "1"]

1. e4 c5 2. Nf3 Nc6 3. d4 cxd4 4. Nxd4 g6 5. Be3 Bg7 6. Bc4 Nf6 7. Nc3 0-0 8. Bb3 d6 9. Qd2 Ng4 10. h3 Nxe3 11. fxe3 Bd7 12. a3 a6 13. 0-0-0 b5 14. Nce2 Qb6 15. Nxc6 Bxc6 16. Bd5 Bxd5 17. exd5 Bh6 18. Nf4 a5 19. b3 Bg7 20. Kb1 Qc5 21. Ne2 Qxa3 0-1